| 000 | 01079nam a22002417a 4500 | ||
|---|---|---|---|
| 999 |
_c63481 _d63481 |
||
| 005 | 20240530110643.0 | ||
| 008 | 171026s2015 ua abk g b 000 0 ara d | ||
| 017 |
_a2015/2284 _bمصر. دار الكتب |
||
| 020 | _a9789773506254 | ||
| 040 |
_aEG-CaGPL _cEG-CaGPL |
||
| 082 | 0 | 4 |
_221 _a327.7306 / _bع س |
| 100 | 0 | _aعبدالحليم غازلى | |
| 245 | 1 | 2 |
_aالسياسة الخارجية الامريكية تجاه افريقيا / _cعبدالحليم غازلى |
| 250 | _aط. 1 | ||
| 260 |
_aالقاهرة : _bدار الكتاب الحديث ، _c2015. |
||
| 300 |
_a569 ص. : _bايض ؛ _c24 سم + _eملاحق. |
||
| 504 | _aيشتمل على ارجاعات ببليوجرافية | ||
| 650 | 0 | 7 |
_2qrmak _aالسياسة الخارجية |
| 651 | 0 | 7 |
_2qrmak _aالولايات المتحدة الامريكية _xالعلاقات الخارجية _zافريقيا |
| 651 | 0 | 7 |
_2qrmak _aافريقيا _xالعلاقات الخارجية _zالولايات المتحدة الامريكية |
| 942 |
_2ddc _cBK |
||